Responses for Show #5351 - Monday, December 10, 2007

Contestants

[<< previous game]

Marc Rusconi, a household and commercial mover from Brooklyn, New York

Kate Sundeen, a chemistry teacher from Philadelphia, Pennsylvania

Jenn Cannon, a physician from Ann Arbor, Michigan (whose 1-day cash winnings total $16,801)

[next game >>]

Jeopardy! Round responses

WHO STARRED IN IT?
WHAT THE HECK IS IT?
WHERE IS THAT, COMRADE?
WHEN DID IT HAPPEN?
HOW DO THEY WORK?
"Y"?
    $200 23
Meryl Streep

Jenn
    $200 6
an eye

Kate
    $200 7
Siberia

Kate
    $200 10
(Jenn: What's 1959?)

1960

JennMarc
    $200 13
commission

Jenn
    $200 1
a yo-yo

Marc
    $400 24
Richard Gere

Marc
    $400 18
incense

Kate
    $1,000 8
(Kate: What is...)

the Arctic Ocean

Kate
    $400 11
1898

Jenn
    $400 14
freelance

Kate
    $400 2
Yale

Kate
    $600 25
Joaquin Phoenix

Kate
    $600 26
(Marc: What is a--helmet?)
(Alex: [Inhales through his teeth])
(Marc: What is [*]?)
(Alex: [*]... [*], yes.)

a hat

Marc
    $600 9
(Jenn: What's the Aral?)

the Caspian

JennMarc
    $600 12
(Jenn: What's June 14?)

July 14

JennKate
    $600 15
shifts

Jenn
    $600 3
Yogi (Bear)

Marc
    $800 30
Robert Downey Jr.

Marc
    $800 27
(Alex: It's a barge, so you're in [*].)

water

Triple Stumper
    $800 16
Moscow & St. Petersburg

Triple Stumper
    $800 21
1773

Triple Stumper
    $800 19
contingency

Triple Stumper
    $800 4
a yelp

Kate
    $1000 29
Laurence Olivier

Triple Stumper
    $1000 28
(Kate: What is a xylophone?)

a musical instrument (an instrument accepted)

KateMarc
    $1000 17
(Kate: What are the Urals?)

the Caucasus

JennKate
    $1000 22
1215

Marc
    $1000 20
the state legislators

Triple Stumper
    $1000 5
a yeoman

Jenn

Scores at the first commercial break (after clue 15):

Jenn Kate Marc
$800 $1,600 $1,600

Scores at the end of the Jeopardy! Round:

Jenn Kate Marc
$2,000 $600 $5,400

Double Jeopardy! Round responses

CIRCUS SCIENCE
POP CULTURE
"P"EOPLE
U.S. POLITICS
WRITE ON, SOLDIER!
IN THE DICTIONARY
    $400 16
center of gravity

Jenn
    $400 11
(Marc: Who is Donny Osmond?)

Marie Osmond

KateMarc
    $400 6
Rosa Parks

Jenn
    $400 21
Ian Fleming

Jenn
    $400 1
devils

Kate
    $800 17
(Marc: What is air?)
(Alex: Be more specific.)

oxygen

Marc
    $800 12
Klingon

Kate
    $800 7
Emily Post

Kate
    $800 25
(Hillary) Clinton & Rudolph Giuliani

Kate
    $800 22
Annapolis

Marc
    $800 2
teddy bears

Jenn
    $1200 18
(Marc: What is... solstice?)

apogee

JennMarc
    $1200 13
Atlanta

Marc
    $1200 8
(Marc: Who is Pericles?)

Plutarch

JennMarc
    $3,000 29
[The end-of-round signal sounds.]

the electors

Marc
    $1200 23
Ben-Hur: A Tale of the Christ

Triple Stumper
    $1200 3
(Marc: What are last rites?)

communion (or the eucharist)

KateMarc
    $1600 19
(Marc: What is tiger?)

elephants

JennMarc
    $1600 14
(Jenn: What's HBO?)

Court TV

JennMarc
    $1600 9
Linus Pauling

Marc
    $1600 28
Select Committee

Triple Stumper
    $1600 24
(Marc: What is The Decline of the Roman Empire?)
(Jenn: What is Fall of the Roman Empire?)
(Kate: What is The Fall and Decline of the Roman Empire?)

The Decline and Fall of the Roman Empire

JennKateMarc
Triple Stumper
    $2,000 4
a guttersnipe

Kate
    $2000 20
potential energy

Kate
    $2000 15
Flatliners

Jenn
    $2000 10
Paganini

Triple Stumper
    $2000 27
(Mitch) McConnell

Marc
    $2000 26
Aeschylus

Triple Stumper
    $2000 5
an esplanade

Kate

Scores at the end of the Double Jeopardy! Round:

Jenn Kate Marc
$6,800 $9,400 $9,200

[wagering suggestions for these scores]

Final Jeopardy! Round responses

LANDMARKS
(Alex: The word "Lakota" in the clue should have helped you place this geographically.)
JennWhat is Mt. Rushmore?
$6,798
MarcWhat
$9,200
KateWhat is Bryce Canyon?
$9,001
Mt. Rushmore

Final scores:

Jenn Kate Marc
$13,598 $399 $0
2-day champion: $30,399 2nd place: $2,000 3rd place: $1,000

Game dynamics:

Coryat scores:

Jenn Kate Marc
$6,800 $10,000 $7,400
14 R,
5 W
17 R
(including 1 DD),
4 W
(including 1 DD)
16 R
(including 1 DD),
6 W

Combined Coryat: $24,200

[game clues] [game scores] [suggest correction]

Game tape date: 2007-08-29
The J! Archive is created by fans, for fans. Scraping, republication, monetization, and malicious use prohibited; this site may use cookies and collect identifying information. See terms. The Jeopardy! game show and all elements thereof, including but not limited to copyright and trademark thereto, are the property of Jeopardy Productions, Inc. and are protected under law. This website is not affiliated with, sponsored by, or operated by Jeopardy Productions, Inc. Join the discussion at JBoard.tv.